Central Library and Information Centre
Sibsagar Girls' College, Sivasagar : Assam

FREEMAN STRUGGLE IN MEDIEVAL ASSAM (Record no. 31420)

MARC details
000 -LEADER
fixed length control field 00322nam a22001337a 4500
005 - DATE AND TIME OF LATEST TRANSACTION
control field 20250519065346.0
008 - FIXED-LENGTH DATA ELEMENTS--GENERAL INFORMATION
fixed length control field 250519b |||||||| |||| 00| 0 eng d
040 ## - CATALOGING SOURCE
Transcribing agency
100 ## - MAIN ENTRY--PERSONAL NAME
Personal name SARKAR, J. N.
9 (RLIN) 629
245 ## - TITLE STATEMENT
Title FREEMAN STRUGGLE IN MEDIEVAL ASSAM
250 ## - EDITION STATEMENT
Edition statement 1ST
260 ## - PUBLICATION, DISTRIBUTION, ETC.
Name of publisher, distributor, etc. DU
Date of publication, distribution, etc. 1989
942 ## - ADDED ENTRY ELEMENTS (KOHA)
Source of classification or shelving scheme Dewey Decimal Classification
Koha item type Books
Holdings
Withdrawn status Lost status Source of classification or shelving scheme Damaged status Not for loan Collection code Home library Current library Shelving location Date acquired Total Checkouts Barcode Date last seen Price effective from Koha item type Public note
    Dewey Decimal Classification     TBHIS Central Library and Information Centre Sibsagar Girls College Central Library and Information Centre Sibsagar Girls College HISTORY REFERENCE RACK 10.03.2022   10215 19.05.2025 19.05.2025 Books V


Sibsagar Girl's College © 2020. All rights reserved.
Powered by Koha.
Maintained by Abhijit Borpuzari.